000 00878nam a2200253Ia 4500
003 OSt
005 20220926014027.0
006 a|||||r|||| 00| 0
007 ta
008 220923b |||||||| |||| 00| 0 eng d
020 _a9780749479916
_c2755.78
037 _b1720, 26/02/2018, Orange Boooks International
_cGeneral Book
040 _aRTL
_cRTL
_beng
041 _2eng
_aeng
082 _aX:514-8, Q7
100 _aBARNES Cindy
_9319530
245 0 _aSelling your value proposition
_b How to transform your business into a selling organization
260 _aNew York
_bKogan Page
_c2017
300 _axiv,215p
_ccm.
700 _a BLAKE Helen
_9319531
700 _a HOWARD Tamara
_9319532
942 _hX:514-8, Q7
_cGB
_2CC
999 _c627527
_d627527